Momo : (Registro nro. 14803)

Detalles MARC
000 -LIDER
fixed length control field 01294cam a22003013a 4500
001 - NÚMERO DE CONTROL
Identificador de número de control 0000751
003 - IDENTIFICACDOR DE NÚMERO DE CONTROL
control field DO-SdBNP
005 - DATE AND TIME OF LATEST TRANSACTION
control field 20241021125818.0
007 - CAMPOS FIJOS DE DESCRIPCIÓN FÍSICA
fixed length control field 0000751
008 - ELEMENTOS DE LONGITUD FIJA
fixed length control field 861112 2002 sp a 000 0 spa d
010 ## - NUMERO DE CONTROL DE BIBLIOTECA DEL CONGRESO
LC control number
020 ## - ISBN
International Standard Book Number 8420465054
040 ## - FUENTE DE CATALOGACIÓN
Agencia que crea de manera original el registro BPMSU
Agencia que realiza la transcripción spa
Agencia que realiza la modificación BPMSU
--
082 #4 - NÚMERO DE CLASIFICACIÓN DECIMAL DE DEWEY
Classification number 833.91
Item number E56m 2002
Edition number 22
100 1# - ASIENTO PRINCIPAL -- NOMBRE PERSONAL
Nombre personal Frabetti, Víctor
245 10 - MENCIÓN DE TITULO
Título Momo :
Subtítulo el libro de la película /
Mención de responsabilidad Michael Ende ;adaptación Carlos Frabetti ; dierección técnica Benayas
250 ## - MENCIÓN DE EDICION
Mención de edición 3a. ed., 3a. reimpr. 2010
260 ## - PUBLICACIÓN, DISTRIBUCIÓN, ETC. (PIE DE IMPRENTA)
Lugar de publicación, distribución, etc Madrid :
Nombre del editor, distribuidor, etc. Santillana ediciones generales,
Fecha de publicación, distribución, etc 2002
Impresor
300 ## - DESCRIPCIÓN FÍSICA
Extensión 63 p. :
Otros detalles físicos il. ;
Dimensiones 20 cm.
490 0# - MENCIÓN DE SERIES
Mención de serie Planeta Junior
520 ## - RESUMEN, ETC.
Nota de resumen, etc. Un humo gris y denso ha cubierto la ciudad. Los malvados hombres grises quieren hacer prisioneros a los hombres robándoles el tiempo. ¿Podrá Momo impedirlo? ¿Qué ocurrirá con sus amigos? ¿Caerán en las redes de los hombres grises?. Una apasionante aventura contrarreloj en la que la fuerza de la amistad será la única arma para luchar contra ellos.
521 ## - TARGET AUDIENCE NOTE
Target audience note A partir de 12 años.
590 ## - NOTA LOCAL
Texto de la nota local Inventariado, 2024/VM
600 14 - ENCABEZAMIENTO DE MATERIA--NOMBRE PERSONAL
Nombre personal Ende, Michael
Fechas asociadas con el nombre 1929-1995
Título de una obra Momo
Subdivisión de forma Adaptación
700 1# - ASIENTO SECUNDARIO -- NOMBRE PERSONAL
Nombre personal Benayas, Víctor
Mención de responsabilidad direc. técnica
910 ## - VALIDACIÓN
Validación VMateo V. Control de calidad. BPMSU
942 ## - ADDED ENTRY ELEMENTS (KOHA)
Source of classification or shelving scheme Dewey Decimal Classification
Koha item type Libros
Existencias
Withdrawn status Lost status Source of classification or shelving scheme Damaged status Not for loan Collection code Home library Current library Date acquired Total Checkouts Full call number Barcode Date last seen Price effective from Koha item type Copy number
    Dewey Decimal Classification     Colección Infantil General Biblioteca Pública Metropolitana Salomé Ureña Biblioteca Pública Metropolitana Salomé Ureña 09/06/2024   BPMSU CGI 833.91 E56m 2002 BPMSU24090017 09/06/2024 09/06/2024 Libros  
    Dewey Decimal Classification     Colección Infantil General Biblioteca Pública Metropolitana Salomé Ureña Biblioteca Pública Metropolitana Salomé Ureña 09/06/2024   BPMSU CGI 833.91 E56m 2002 BPMSU24100035 10/21/2024 09/06/2024 Libros e.2
    Dewey Decimal Classification     Colección Infantil General Biblioteca Pública Metropolitana Salomé Ureña Biblioteca Pública Metropolitana Salomé Ureña 09/06/2024   BPMSU CGI 833.91 E56m 2002 BPMSU24100036 10/21/2024 09/06/2024 Libros e.3